000 00452nam a2200181Ia 4500
001 11581
005 20260306162838.0
008 260306t1985||||xx |||||||||||||| ||spa||
041 _aESP
082 _a985.4
_bG14A
100 _aGaldos Rodríguez, Guillermo
_eAUT
245 0 _aKuntisuyu:
_blo que encontraron los españoles
260 _c1985
300 _a212 páginas :
_c21 cm.
650 _aGEN
654 _aCHU
942 _cLIB
_dJUS
_fJUS
_2ddc
_n
999 _c11581
_d11581